MARC

LEADER 00000nam1a2200000 4500
001 380003
005 20231101062636.0
011 |a 0131-114X 
035 |a (RuTPU)RU\TPU\prd\554 
035 |a BOOK00000554 
090 |a 380003 
100 |a 20011210b1970 k y0 y50 ca 
101 0 |a rus 
102 |a RU 
200 1 |a Электротехническая промышленность. Серия: Аппараты низкого напряжения  |e научно-технический реферативный сборник  |f Всесоюзный научно-исследовательский институт информации и технико-экономических исследований в электротехнике (Информэлектро) 
210 |a Москва  |c Информэлектро  |d 1970-1984 
305 |a Издается с 1970 г. 
326 |a 6 номеров в год 
610 1 |a аппараты низкого напряжения 
610 1 |a низкое напряжение 
610 1 |a разработки 
610 1 |a конструирование 
610 1 |a проектирование 
610 1 |a электрические машины 
610 1 |a электрические аппараты 
675 |a 621.314  |v 3 
712 0 2 |a Всесоюзный научно-исследовательский институт информации и технико-экономических исследований в электротехнике (Информэлектро)  |2 stltpush  |3 (RuTPU)RU\TPU\col\10404 
801 0 |a RU  |b 63413507  |c 20011210  |g PSBO 
801 2 |a RU  |b 63413507  |c 20130415  |g PSBO 
942 |c CR